1444 1552 1049 1489 1561 1884 1016 1639 1066 1636 1671 1512 1346 1874 1128 1152 1970 1040 1875 1627 1525 1552 1959 1418 1152 1198 1613 1498 1005 1339 1871 1708 1194 1860 1277 1504 1997 1343 1247 1979 1815 1223 1887 1387 1092 1026 1217 1804 1482 1481 1149 1562 1042 1101 1665 1690 1257 1908 1634 1035 1019 1690 1797 1649 1156 1037 1115 1453 1504 1447 1634 1649 1049 1034 1851 1410 1133 1107 1593 1208 1886 1055 1846 1159 1062 1519 1743 1588 1725 1475 1694 1445 1984 1757 1308 1325 1210 1196 1890 BCNSPRNW ULIB Ver.6.0+V

เปลี่ยนเป็นภาษาไทย

Change to English
 แสดงรายละเอียดบรรณานุกรม
  กลับหน้าหลัก

Brief Record : Get Marc (ISO 2709) : E-mail record : QR code < ปิดหน้าต่าง
LEADER : 00000nam 2200000uu 4500
001    13399122310
003     ULIB
008    130207s2555||||th 000 0 tha d
020    9789740329831
060  4 WF26^bข275ก
100 0  ขวัญฤทัย พันธุ
245 00 การดูแลผู้ป่วยที่ใช้เครื่องช่วยหายใจ/^cโดย ขวัญฤทัย พันธุ
260    กรุงเทพฯ:^bสำนักพิมพ์แห่งจุฬาลงกรณ์มหาวิทยาลัย,^c2555
300    178 หน้า:^bภาพประกอบ
650  7 เครื่องช่วยหายใจ
650  7 การใสท่อช่วยหายใจ
945    ^p150^l0^i033533
945    ^p150^l0^i033534
945    ^p150^l0^i033535
945    ^p150^l0^i033536
945    ^p150^l0^i033537
945    ^p150^l0^i033538
945    ^p150^l0^i033539
945    ^p150^l0^i033763
945    ^p150^l0^i033764
945    ^p150^l0^i033765
995    เกษร
999    ^aเกษร โพธิ์สุวรรณ
รายการนี้ยังไม่มีแท็ก
คุณยังไม่ได้ล็อกอิน คุณสามารถมีกิจกรรมร่วมกับเว็บไซต์ได้ แต่ต้องล็อกอินก่อน ::
  ล็อกอิน

รายการสื่อสารสนเทศ

ลำดับที่ ประเภท เลขเรียก/บาร์โค้ด สถานที่ สถานะ
1. วิทยาศาสตร์การแพทย์ และสุขภาพ
หนังสือสำรอง
สถานะ=หนังสือสำรอง
WF26 ข275ก ฉ.1 
  Barcode: 033533
ห้องสมุดวิทยาเขตสวรรค์ประชารักษ์
►ส่วนจัดเก็บหนังสือเก่า สปร
บนชั้น
  ขอยืม
2. วิทยาศาสตร์การแพทย์ และสุขภาพ
วิทยาศาสตร์การแพทย์ และสุขภาพ
WF26 ข275ก ฉ.10 
  Barcode: 033765
ห้องสมุดวิทยาเขตสวรรค์ประชารักษ์
►ส่วนจัดเก็บหนังสือเก่า สปร
บนชั้น
  ขอยืม
3. วิทยาศาสตร์การแพทย์ และสุขภาพ
วิทยาศาสตร์การแพทย์ และสุขภาพ
WF26 ข275ก ฉ.2 
  Barcode: 033534
ห้องสมุดวิทยาเขตสวรรค์ประชารักษ์
►ส่วนจัดเก็บหนังสือเก่า สปร
บนชั้น
  ขอยืม
4. วิทยาศาสตร์การแพทย์ และสุขภาพ
วิทยาศาสตร์การแพทย์ และสุขภาพ
WF26 ข275ก ฉ.3 
  Barcode: 033535
ห้องสมุดวิทยาเขตสวรรค์ประชารักษ์
►ส่วนจัดเก็บหนังสือเก่า สปร
บนชั้น
  ขอยืม
5. วิทยาศาสตร์การแพทย์ และสุขภาพ
วิทยาศาสตร์การแพทย์ และสุขภาพ
WF26 ข275ก ฉ.4 
  Barcode: 033536
ห้องสมุดวิทยาเขตสวรรค์ประชารักษ์
►ส่วนจัดเก็บหนังสือเก่า สปร
บนชั้น
  ขอยืม
6. วิทยาศาสตร์การแพทย์ และสุขภาพ
วิทยาศาสตร์การแพทย์ และสุขภาพ
WF26 ข275ก ฉ.5 
  Barcode: 033537
ห้องสมุดวิทยาเขตสวรรค์ประชารักษ์
►ส่วนจัดเก็บหนังสือเก่า สปร
บนชั้น
  ขอยืม
7. วิทยาศาสตร์การแพทย์ และสุขภาพ
วิทยาศาสตร์การแพทย์ และสุขภาพ
WF26 ข275ก ฉ.6 
  Barcode: 033538
ห้องสมุดวิทยาเขตสวรรค์ประชารักษ์
►ส่วนจัดเก็บหนังสือเก่า สปร
บนชั้น
  ขอยืม
8. วิทยาศาสตร์การแพทย์ และสุขภาพ
วิทยาศาสตร์การแพทย์ และสุขภาพ
WF26 ข275ก ฉ.7 
  Barcode: 033539
ห้องสมุดวิทยาเขตสวรรค์ประชารักษ์
►ส่วนจัดเก็บหนังสือเก่า สปร
บนชั้น
  ขอยืม
9. วิทยาศาสตร์การแพทย์ และสุขภาพ
วิทยาศาสตร์การแพทย์ และสุขภาพ
WF26 ข275ก ฉ.8 
  Barcode: 033763
ห้องสมุดวิทยาเขตสวรรค์ประชารักษ์
►ส่วนจัดเก็บหนังสือเก่า สปร
บนชั้น
  ขอยืม
10. วิทยาศาสตร์การแพทย์ และสุขภาพ
วิทยาศาสตร์การแพทย์ และสุขภาพ
WF26 ข275ก ฉ.9 
  Barcode: 033764
ห้องสมุดวิทยาเขตสวรรค์ประชารักษ์
►ส่วนจัดเก็บหนังสือเก่า สปร
บนชั้น
  ขอยืม

รายการใกล้เคียง
    ผู้แต่ง [ขวัญฤทัย พันธุ]

    หัวเรื่อง [เครื่องช่วยหายใจ]
    หัวเรื่อง [การใสท่อช่วยหายใจ]

BibComment


ยังไม่เคยถูกคอมเมนท์

คอมเมนท์ทรัพยากรรายการนี้
  คอมเมนท์: การดูแลผู้ป่วยที่..


 Copyright 2026. Bcnsprnw @Library